00453nam a22001457a 4500008004100000020001500041050002900056100002100085245008400106250001300190260004100203300001600244650003200260700001500292191012b xxu||||| |||| 00| 0 eng d a0521762939 aQA276.4 b.M245 2010 c.1 aMaindonald, John aData Analysis and Graphics Using RbAn Example-Based Approach cJohn Maindonald a3rd. ed. aUKbCambridge University Pressc2010 axxvi, 525p. aStatisticsvData Processing aJohn Braun